Départements de la Colombie (carte) - Statistiques

Statistiques générales
  • Ce quiz a été pris 219 fois
  • Le résultat moyen est 15 sur 33
Réponses sur la Carte
Les réponses sont colorées sur une échelle allant du rouge au vert en fonction du pourcentage des utilisateurs qui les ont devinées à leur premier essai. Vous pouvez retrouver ces pourcentages ci-dessous.
 
Statistiques - réponses
Réponse % Correct
Bogota
71%
Amazonas
66%
Antioquia
66%
Santander
60%
Cauca
57%
Cundinamarca
57%
Bolívar
54%
San Andrés y Providencia
54%
Boyacá
51%
Chocó
51%
La Guajira
49%
Norte de Santander
49%
Quindío
49%
Atlántico
46%
Meta
46%
Nariño
46%
Valle del Cauca
46%
Magdalena
43%
Sucre
43%
Arauca
40%
Cesar
40%
Risaralda
40%
Caldas
37%
Caquetá
37%
Casanare
37%
Guaviare
37%
Vaupés
37%
Vichada
37%
Córdoba
34%
Tolima
34%
Guainía
31%
Putumayo
31%
Huila
29%
Aucun quiz correspondant
Distribution des résultats
% des personnes avec chaque résultat
Percentile par nombre de réponses
Votre historique - résultats
Vous n’avez pas pris ce quiz